Statistics for Every Ghost Type Pokémon

Click here to take the quiz!

General Stats

  • This quiz has been taken 9 times
  • The average score is 63 of 73

Answer Stats

Debut RegionPokédex NumberPokémon% Correct
979Annihilape
100%
354Banette
100%
Hisui902Basculegion
100%
563Cofagrigus
100%
Alola724Decidueye
100%
426Drifblim
100%
Sinnoh425Drifloon
100%
356Dusclops
100%
477Dusknoir
100%
355Duskull
100%
478Froslass
100%
Kanto092Gastly
100%
094Gengar
100%
1000Gholdengo
100%
999Gimmighoul
100%
487Giratina
100%
971Greavard
100%
093Haunter
100%
972Houndstone
100%
802Marshadow
100%
778Mimikyu
100%
200Misdreavus
100%
770Palossand
100%
1025Pecharunt
100%
1012Poltchageist
100%
855Polteageist
100%
479Rotom
100%
867Runerigus
100%
769Sandygast
100%
353Shuppet
100%
1013Sinistcha
100%
Galar854Sinistea
100%
442Spiritomb
100%
Unova562Yamask
100%
681Aegislash
75%
806Blacephalon
75%
947Brambleghast
75%
946Bramblin
75%
898Calyrex (Shadow Rider)
75%
937Ceruledge
75%
609Chandelure
75%
222Corsola (Galarian)
75%
864Cursola
75%
781Dhelmise
75%
680Doublade
75%
887Dragapult
75%
886Drakloak
75%
885Dreepy
75%
987Flutter Mane
75%
592Frillish
75%
622Golett
75%
623Golurk
75%
711Gourgeist
75%
Kalos679Honedge
75%
720Hoopa (Confined)
75%
593Jellicent
75%
608Lampent
75%
607Litwick
75%
792Lunala
75%
105Marowak (Alolan)
75%
429Mismagius
75%
800Necrozma (Dawn Wings)
75%
708Phantump
75%
710Pumpkaboo
75%
302Sableye
75%
Hoenn292Shedinja
75%
Paldea911Skeledirge
75%
897Spectrier
75%
709Trevenant
75%
Johto157Typhlosion (Hisuian)
75%
571Zoroark (Hisuian)
75%
570Zorua (Hisuian)
75%
741Oricorio (Sensu Style)
50%

Score Distribution

Percentile by Number Answered

Percent of People with Each Score

Your Score History

You have not taken this quiz